000 00687nam a22002297a 4500
005 20170124105949.0
010 _a619652
020 _c00.00
035 _a619652
037 _bCen Lib/Ret
040 _aDPL
_bEN
082 _a270
_bHIT
100 _aHitti, Philip K.
_913032
245 _aIslam :
_cby Philip K. Hitti
_ba way of life /
260 _aMinneapolis
_bUniversity of Minnesota Press
_c1970
270 _a
300 _a198p.
_c21cm(Hb)
500 _aIncludes bibliographic references and index
650 _aReligion
_973605
650 _aIslamic civilization
_913034
942 _2ddc
_cEN
_h270
_mHIT
999 _c125110
_d125110